000 00568nam a2200241Ia 4500
003 OSt
005 20220912145715.0
006 a|||||r|||| 00| 0
007 ta
008 220909b |||||||| |||| 00| 0 eng d
024 _a73842
037 _cTextual
040 _aCSL
_beng
_cCSL
041 _aeng
082 _aLAv, L4.3
100 _aBhisagacarya G M
245 0 _aHistory of Indian medicine
260 _c1974
300 _ap.
_ccm.
650 _aMedicine
942 _hLAv, L4.3
_cTEXL
_2CC
999 _c36725
_d36725